Jeux de mots - Mots en sandwich - 3 - Statistiques

Statistiques générales
  • Ce quiz a été pris 147 fois
  • Le résultat moyen est 7 sur 13
Statistiques - réponses
Hint Réponse Hint % Correct
Fraîche Crème Patissière
95%
D'orchestre Chef De rang
81%
Poubelle Sac De billes
78%
De culasse Joint Serre
72%
De mariée Robe De bal
72%
De redressement Maison De retraite
65%
Au chocolat Pain Béni
65%
Poste Timbre Fiscal
44%
De finances Loi Du talion
39%
De nez Pied Bot
38%
D'amour Lettre De cachet
27%
Guturales Langues Orientales
7%
Bleu Or Noir
7%
Aucun quiz correspondant
Distribution des résultats
% des personnes avec chaque résultat
Percentile par nombre de réponses
Votre historique - résultats
Vous n’avez pas pris ce quiz